000 01881nam a22001697a 4500
999 _c13872
_d13872
008 190426b ||||| |||| 00| 0 eng d
082 _22018
_aUT 1256
_bB29
100 _aBasino, Katherine Joy D.
_938607
245 _aEating habits and BMI of stem students /
_cKatherine Joy D. Basino, Mary Grace B. Diez, and Lover Faith M. Udo.
260 _aDigos city:
_bUMDC
_cNovember 2018
300 _a33 pages;
_c30 cm.
520 _aBasino, K.J., Diez, M.G., & Udo, L.F. (November 2018). Eating Habits and BMI of STEM Students. Digos City: University of Mindanao. Nowadays, poor nutrition and obesity are among the most important health issues are what we are facing in the society, not only in terms of health, but also health care expenses. There are a variety of predicators of obesity including genetics, physical activity, and food consumption. Therefore, the purpose of this study was to determine the relationship between eating habits and Body Mass Index of the STEM students of UM Digos College. Body Mass Index is a requirement to have a good health. This study used quantitative survey method. It determined the eating habits is fruits and vegetables which is sometimes practiced with the mean score 2.83 and the lowest level is the starchy food which is rarely practiced with a mean score of 2.43. the status of Body Mass Index of STEM students is 71.9% of the normal weight, 14.6% underweight, 7.9% severely underweight, 5.6% overweight, and majority of them are belong to the normal weight. The result also shows that there is no significant relationship eating habits and BMI of the STEM students. Keywords: Eating Habits, BMI, STEM Students, Quantitative Research Locator: UT 1256/B29/2018
650 _aTechnical Education
_xUndergraduate thesis.
_938567
700 _aDiez, Mary Grace B.
_938608
700 _aUdo, Lover Faith M.
_938609
942 _2ddc
_cUT